Biochemistry made Simple (Record no. 159)
[ view plain ]
| 000 -LEADER | |
|---|---|
| Fixed length control field | 00489nam a2200193Ia 4500 |
| 003 - CONTROL NUMBER IDENTIFIER | |
| Control field | IIN |
| 005 - DATE AND TIME OF LATEST TRANSACTION | |
| Control field | 20250428150006.0 |
| 008 - FIXED-LENGTH DATA ELEMENTS--GENERAL INFORMATION | |
| Fixed length control field | 231217s9999 xx 000 0 und d |
| 020 ## - INTERNATIONAL STANDARD BOOK NUMBER / ISBN | |
| Price | Rs.225.00 |
| International Standard Book Number | 9788189926335 |
| 040 ## - CATALOGING SOURCE | |
| Original cataloging agency | IIN |
| Language of cataloging | English |
| 082 ## - DEWEY DECIMAL CLASSIFICATION NUMBER | |
| Classification number | 572.3 |
| Book Number | SET |
| 100 1# - MAIN ENTRY--PERSONAL NAME | |
| Personal name | Setia, Sajita |
| 245 1# - TITLE STATEMENT | |
| Title | Biochemistry made Simple |
| Statement of responsibility | Sajita Setia |
| 250 ## - EDITION STATEMENT | |
| Edition statement | 2nd ed |
| 260 ## - IMPRINT | |
| Name of publisher | Aditya Medical |
| Place of publication | New Delhi |
| Date of publication | 2010 |
| 300 ## - PHYSICAL DESCRIPTION | |
| Page / Vol. No | 318p. |
| Other physical details | ill. |
| 650 1# - SUBJECT ADDED ENTRY--TOPICAL TERM | |
| Topical term | Biochemistry |
| 942 ## - ADDED ENTRY ELEMENTS (KOHA) | |
| Koha item type | Books |
| Withdrawn status | Lost status | Source of classification | Damaged status | Not for loan | Collection code | Home library | Current library | Date acquired | Price | Total Checkouts | Call number | Accession number | Date last seen | Price effective from | Koha item type | Shelving location |
|---|---|---|---|---|---|---|---|---|---|---|---|---|---|---|---|---|
| Dewey Decimal Classification | IDEAL INSTITUTE OF NURSING | IDEAL INSTITUTE OF NURSING | 17/12/2023 | 225.00 | 572.3 SET | 154 | 17/12/2023 | 17/12/2023 | Books | |||||||
| Dewey Decimal Classification | IDEAL INSTITUTE OF NURSING | IDEAL INSTITUTE OF NURSING | 17/12/2023 | 225.00 | 572.3 SET | 155 | 17/12/2023 | 17/12/2023 | Books | |||||||
| Dewey Decimal Classification | IDEAL INSTITUTE OF NURSING | IDEAL INSTITUTE OF NURSING | 17/12/2023 | 225.00 | 572.3 SET | 156 | 17/12/2023 | 17/12/2023 | Books | |||||||
| Dewey Decimal Classification | IDEAL INSTITUTE OF NURSING | IDEAL INSTITUTE OF NURSING | 17/12/2023 | 225.00 | 572.3 SET | 157 | 17/12/2023 | 17/12/2023 | Books | |||||||
| Dewey Decimal Classification | IDEAL INSTITUTE OF NURSING | IDEAL INSTITUTE OF NURSING | 17/12/2023 | 225.00 | 572.3 SET | 158 | 17/12/2023 | 17/12/2023 | Books | |||||||
| Dewey Decimal Classification | Purches Book | IDEAL INSTITUTE OF NURSING | IDEAL INSTITUTE OF NURSING | 11/03/2025 | 225.00 | 572.3 SET | 1913 | 28/04/2025 | 28/04/2025 | Books | General Stacks |
